| 000 | 01461nam a2200349 c 4500 | ||
|---|---|---|---|
| 003 | BLK | ||
| 005 | 20180420220254.0 | ||
| 008 | 180407b bul|||||r ||||||| ||bul|| | ||
| 010 | _aKNG00031666000 | ||
| 020 |
_a954-520-100-2 _bиздат.: Отв. общество |
||
| 040 | _aBLK | ||
| 041 |
_aBUL _cBUL |
||
| 080 |
_aИкономическа политика. Стопанско ръководство. Управление на стопанство. Стопанско планиране. _b338.2 _x(063) _z338.2(063) |
||
| 080 |
_aОбща икономическа политика _b338.22 _x(497.2)(063) _z338.22(497.2)(063) |
||
| 139 |
_aИкономическата политика _bИ 50 |
||
| 245 | 1 | 0 |
_aИкономическата политика _bНов поглед : Сб. материали от Междунар. конф., 26-27 септ. 1996 г., София |
| 257 | _aBGR | ||
| 260 |
_аСофия _bОтв. общество _c1996 |
||
| 300 |
_a296 с. _bс табл., диагр. _c21 см |
||
| 380 | _a3 | ||
| 500 | _aИзд. на Нов бълг. унив. | ||
| 650 | 4 |
_aИкономическа политика _9264207 |
|
| 653 | _aикономика | ||
| 653 | _aполитика | ||
| 653 | _aприватизация | ||
| 653 | _aконференции | ||
| 852 | _aЦб 192124 | ||
| 856 | 4 |
_qpdf _u |
|
| 856 | 4 |
_qpdf _u |
|
| 942 |
_cKNG _n0 |
||
| 944 |
_aCR _c15.01.2003 _kВиолета_Тройчева |
||
| 944 |
_aED _c03.02.2011 _k |
||
| 999 |
_c29057 _d29057 |
||